ბათუმის შოთა რუსთაველის სახელმწიფო უნივერსიტეტის ბიბლიოთეკა

ჩემს გალაქტიონს მე ვკითხე ერთხელ... (ბიბ.ჩანაწერი № 42403)

000 -LEADER
fixed length control field 00917nam a2200217Ia 4500
001 - CONTROL NUMBER
control field 9099
003 - CONTROL NUMBER IDENTIFIER
control field GE_BSU
008 - FIXED-LENGTH DATA ELEMENTS--GENERAL INFORMATION
fixed length control field 181216s||||||||xx |||||||||||||| ||und||
040 ## - CATALOGING SOURCE
Transcribing agency GE_BSU
100 ## - MAIN ENTRY--PERSONAL NAME
Personal name ლებანიძე,მურმან
245 ## - TITLE STATEMENT
Title ჩემს გალაქტიონს მე ვკითხე ერთხელ...
245 ## - TITLE STATEMENT
Remainder of title ლექსები
245 ## - TITLE STATEMENT
Statement of responsibility, etc. რედ.ნ.ბუხრაძე.მხატვ.გიორგი წერეთელი.ფოტომასალა დაამუშავა ოთარ ცქვიტინიძემ
260 ## - PUBLICATION, DISTRIBUTION, ETC.
Place of publication, distribution, etc. თბილისი
260 ## - PUBLICATION, DISTRIBUTION, ETC.
Name of publisher, distributor, etc. განათლება
260 ## - PUBLICATION, DISTRIBUTION, ETC.
Date of publication, distribution, etc. 1990
300 ## - PHYSICAL DESCRIPTION
Extent 95გვ.პორტრ.ილ.19სმ.
653 ## - INDEX TERM--UNCONTROLLED
Uncontrolled term ლექსები
653 ## - INDEX TERM--UNCONTROLLED
Uncontrolled term ჩემს გალაქტიონს მე ვკითხე ერთხელ...
942 ## - ADDED ENTRY ELEMENTS (KOHA)
Koha item type წიგნი
ეგზემპლარები
Withdrawn status Lost status Damaged status Not for loan Date acquired Barcode Date last seen Price effective from Koha item type
        2018-12-17 31756 2018-12-17 2018-12-17 წიგნი
        2018-12-17 31757 2018-12-17 2018-12-17 წიგნი
        2018-12-17 31758 2018-12-17 2018-12-17 წიგნი
        2018-12-17 31759 2018-12-17 2018-12-17 წიგნი